[Event "EIWCC 2017"]
[Site "Riga"]
[Date "2017.04.17"]
[Round "7"]
[White "Gevorgyan, Maria"]
[Black "Beydullayeva, Govhar"]
[Result "1-0"]
[WhiteElo "2227"]
[BlackElo "2054"]
[Annotator "ChessBase"]
[PlyCount "131"]
[EventDate "2017.??.??"]
[EventType "swiss"]
[EventCountry "LAT"]
[SourceTitle "playchess.com"]
[Source "ChessBase"]
[SourceQuality "1"]
[TimeControl "40/5400+30:1800+30"]

1. e4 {[%emt 0:00:00]} c5 {[%emt 0:00:11]} 2. Nc3 {[%emt 0:00:00]} Nc6 {[%emt 0:00:15]} 3. Bb5 {[%emt 0:00:00]} Nd4 {[%emt 0:00:35]} 4. Bc4 {[%emt 0:00:03]} e6 {[%emt 0:01:16]} 5. Nge2 {[%emt 0:00:05]} g6 {[%emt 0:00:39]} 6. d3 {[%emt 0:04:43]} a6 {[%emt 0:02:28]} 7. Nxd4 {[%emt 0:01:47]} cxd4 {[%emt 0:00:04]} 8. Ne2 {[%emt 0:00:03]} Bg7 {[%emt 0:00:39]} 9. Bd2 {[%emt 0:05:01]} Ne7 {[%emt 0:02:35]} 10. Qc1 {[%emt 0:01:14]} O-O {[%emt 0:11:03]} 11. O-O {[%emt 0:06:07]} d5 {[%emt 0:01:07]} 12. exd5 {[%emt 0:00:05]} Nxd5 {[%emt 0:00:15]} 13. Bh6 {[%emt 0:00:16]} b5 {[%emt 0:05:32]} 14. Bb3 {[%emt 0:01:14]} e5 {[%emt 0:01:42]} 15. Bd2 {[%emt 0:07:45]} Bb7 {[%emt 0:01:44]} 16. Ng3 {[%emt 0:10:29]} Rc8 {[%emt 0:03:49]} 17. Re1 {[%emt 0:02:51]} Re8 {[%emt 0:03:07]} 18. f3 {[%emt 0:03:22]} Qb6 {[%emt 0:05:40]} 19. a4 {[%emt 0:01:30]} Ne7 {[%emt 0:07:47]} 20. a5 {[%emt 0:14:48]} Qc7 {[%emt 0:05:09]} 21. Bh6 {[%emt 0:03:13]} Bh8 {[%emt 0:09:54]} 22. Qg5 {[%emt 0:03:26]} Bd5 {[%emt 0:03:20]} 23. Ne4 {[%emt 0:08:23]} Bxb3 {[%emt 0:01:45]} 24. cxb3 {[%emt 0:00:44]} Nd5 {[%emt 0:05:37]} 25. Rec1 {[%emt 0:02:14]} Qd7 {[%emt 0:03:11]} 26. Rxc8 {[%emt 0:00:35]} Rxc8 {[%emt 0:00:23]} 27. Rc1 {[%emt 0:01:29]} Ne3 {[%emt 0:11:04]} 28. Rc5 {[%emt 0:00:06]} Rxc5 {[%emt 0:08:37]} 29. Nxc5 {[%emt 0:00:18]} Qc8 {[%emt 0:01:12]} 30. b4 {[%emt 0:00:56]} f6 {[%emt 0:00:48]} 31. Qh4 {[%emt 0:01:36]} g5 {[%emt 0:01:21]} 32. Qe4 {[%emt 0:02:27]} f5 {[%emt 0:01:27]} 33. Qb7 {[%emt 0:00:05]} Qxb7 {[%emt 0:00:05]} 34. Nxb7 {[%emt 0:00:03]} Nd5 {[%emt 0:01:08]} 35. Nc5 {[%emt 0:01:43]} Nxb4 {[%emt 0:01:18]} 36. Bxg5 {[%emt 0:00:06]} Nc6 {[%emt 0:00:46]} 37. b4 {[%emt 0:05:31]} Nxb4 {[%emt 0:00:24]} 38. Bd2 {[%emt 0:00:02]} Nd5 {[%emt 0:00:45]} 39. Nxa6 {[%emt 0:00:04]} Bf6 {[%emt 0:00:28]} 40. Nb8 {[%emt 0:00:00]} b4 {[%emt 0:00:23]} 41. a6 {[%emt 0:07:57]} b3 {[%emt 0:03:04]} 42. a7 {[%emt 0:02:03]} Nc7 {[%emt 0:08:05]} 43. Bc1 {[%emt 0:03:23]} Bg5 {[%emt 0:07:40]} 44. Bb2 {[%emt 0:00:50]} e4 {[%emt 0:06:43]} 45. Na6 {[%emt 0:02:46]} Na8 {[%emt 0:00:36]} 46. Nc5 {[%emt 0:00:17]} exd3 {[%emt 0:02:00]} 47. Nxd3 {[%emt 0:00:03]} Be3+ {[%emt 0:00:48]} 48. Kf1 {[%emt 0:00:01]} Kf7 {[%emt 0:01:00]} 49. Ne5+ {[%emt 0:01:28]} Ke6 {[%emt 0:00:48]} 50. Nc4 {[%emt 0:00:02]} Bg5 {[%emt 0:00:53]} 51. Ke2 {[%emt 0:01:13]} Kd5 {[%emt 0:01:42]} 52. Kd3 {[%emt 0:00:03]} Bf6 {[%emt 0:01:36]} 53. Na5 {[%emt 0:00:21]} Be5 {[%emt 0:01:01]} 54. h3 {[%emt 0:02:51]} Bg3 {[%emt 0:00:40]} 55. Nxb3 {[%emt 0:00:07]} h5 {[%emt 0:00:29]} 56. Bxd4 {[%emt 0:00:11]} Bd6 {[%emt 0:00:39]} 57. Nd2 {[%emt 0:00:37]} Bc7 {[%emt 0:00:23]} 58. Bf2 {[%emt 0:01:43]} Bd6 {[%emt 0:00:35]} 59. Nc4 {[%emt 0:00:13]} Bc7 {[%emt 0:00:10]} 60. g3 {[%emt 0:01:28]} Bd8 {[%emt 0:00:53]} 61. Ne3+ {[%emt 0:00:08]} Ke6 {[%emt 0:00:18]} 62. Ng2 {[%emt 0:00:12]} Ke5 {[%emt 0:01:03]} 63. Nf4 {[%emt 0:00:17]} h4 {[%emt 0:00:11]} 64. Ng6+ {[%emt 0:00:04]} Ke6 {[%emt 0:00:23]} 65. Nxh4 {[%emt 0:00:26]} f4 {[%emt 0:00:05]} 66. g4 {[%emt 0:00:29]} 1-0

[Event "EIWCC 2017"]
[Site "Riga"]
[Date "2017.04.17"]
[Round "7"]
[White "Isgandarova, Khayala"]
[Black "Badelka, Olga"]
[Result "1-0"]
[WhiteElo "2211"]
[BlackElo "2362"]
[Annotator "NA RC"]
[PlyCount "99"]
[EventDate "2017.??.??"]
[EventType "swiss"]
[EventCountry "LAT"]
[SourceTitle "playchess.com"]
[Source "ChessBase"]
[SourceQuality "1"]
[TimeControl "40/5400+30:1800+30"]

1. e4 {[%emt 0:00:00]} c5 {[%emt 0:00:05]} 2. Nf3 {[%emt 0:00:00]} Nc6 {[%emt 0:00:04]} 3. Bb5 {[%emt 0:00:00]} e6 {[%emt 0:00:05]} 4. O-O {[%emt 0:00:00]} Nge7 {[%emt 0:00:07]} 5. Re1 {[%emt 0:00:30]} Nd4 {[%emt 0:00:28]} 6. Nxd4 {[%emt 0:00:10]} cxd4 {[%emt 0:00:04]} 7. d3 {[%emt 0:00:54] B30: Sicilian: 2...Nc6 3 Bb5, lines without ...g6} a6 {[%emt 0:00:50]} 8. Ba4 {[%emt 0:00:05]} b5 {[%emt 0:00:08]} 9. Bb3 {[%emt 0:00:05]} Nc6 {[%emt 0:00:52]} 10. Nd2 {[%emt 0:00:14]} Bb7 {[%emt 0:01:55]} 11. f4 {[%emt 0:02:54]} Qc7 {[%emt 0:00:10]} 12. Nf3 {[%emt 0:01:13]} Bd6 {[%emt 0:00:18]} 13. e5 $146 {[%emt 0:09:51]} (13. Qd2 h6 14. Rf1 O-O-O {0-1 (32) Vokhidov,S (2366)-Fedorov,A (2567) St Petersburg 2016}) 13... Bc5 {[%emt 0:00:29]} 14. Ng5 {[%emt 0:00:40]} h6 {[%emt 0:04:58]} 15. Qh5 {[%emt 0:09:36]} g6 {[%emt 0:00:34]} 16. Qh3 {[%emt 0:00:22]} Be7 {[%emt 0:17:50]} 17. Ne4 {[%emt 0:15:29]} O-O-O {[%emt 0:01:51]} 18. c4 {[%emt 0:02:09]} b4 {[%emt 0:05:15]} 19. c5 {[%emt 0:06:14]} Kb8 {[%emt 0:03:25]} 20. Nd6 {[%emt 0:03:56]} Bxd6 {[%emt 0:00:18]} 21. cxd6 {[%emt 0:00:10]} Qb6 {[%emt 0:00:41]} 22. Bd1 {[%emt 0:03:10]} f5 {[%emt 0:12:15]} 23. Qg3 {[%emt 0:07:36]} Rhg8 {[%emt 0:17:04]} 24. h4 {[%emt 0:00:44]} Rc8 {[%emt 0:01:19]} 25. Bd2 {[%emt 0:02:57]} Nd8 {[%emt 0:08:01]} 26. Rc1 {[%emt 0:04:01]} (26. Bb3 $16) 26... Rxc1 {[%emt 0:00:41]} 27. Bxc1 {[%emt 0:00:03]} Nf7 {[%emt 0:04:02]} (27... Qa5 $11 {remains equal.}) 28. Bd2 {[%emt 0:02:35]} a5 {[%emt 0:01:18]} 29. Bh5 {[%emt 0:04:30]} Nh8 {[%emt 0:02:59]} 30. Rc1 {[%emt 0:01:07]} Rc8 {[%emt 0:00:50]} 31. Rxc8+ {[%emt 0:00:26]} Bxc8 {[%emt 0:00:12]} 32. Bd1 {[%emt 0:03:02]} Qb5 {[%emt 0:06:59]} 33. Be2 $2 {[%emt 0:03:47]} (33. h5 $18) 33... Qa4 {[%emt 0:00:52]} 34. Qe1 {[%emt 0:01:43]} Qc2 {[%emt 0:02:17]} 35. Qc1 {[%emt 0:00:46]} Qxc1+ {[%emt 0:00:04]} 36. Bxc1 {[%emt 0:00:02]} Kb7 {[%emt 0:04:18]} 37. h5 {[%emt 0:00:33]} Kb6 {[%emt 0:00:39]} 38. hxg6 {[%emt 0:00:45]} Nxg6 {[%emt 0:00:04]} 39. Bh5 {[%emt 0:00:14]} Nf8 {[%emt 0:01:04]} 40. Kf2 {[%emt 0:00:00]} Ba6 {[%emt 0:00:25]} 41. Ke2 {[%emt 0:00:58]} Bb7 {[%emt 0:00:47]} 42. Bd2 {[%emt 0:06:53]} Bxg2 {[%emt 0:00:57]} 43. Be1 {[%emt 0:00:06]} Bh3 {[%emt 0:00:38]} 44. Kf3 {[%emt 0:00:16]} Bg4+ {[%emt 0:13:20]} 45. Bxg4 {[%emt 0:02:17]} fxg4+ {[%emt 0:00:04]} 46. Kxg4 {[%emt 0:00:05]} Ng6 {[%emt 0:00:10]} 47. Bg3 {[%emt 0:00:21]} Nh8 {[%emt 0:08:26]} 48. Kh5 {[%emt 0:00:11]} Kc6 {[%emt 0:00:25]} 49. Bh4 {[%emt 0:00:18]} Kd5 $18 {[%emt 0:02:51]} 50. Bf6 {[%emt 0:01:10]} 1-0

[Event "EIWCC 2017"]
[Site "Riga"]
[Date "2017.04.17"]
[Round "7"]
[White "Balajayeva, Khanim"]
[Black "Osmanodja, Filiz"]
[Result "0-1"]
[WhiteElo "2196"]
[BlackElo "2370"]
[Annotator "TA"]
[PlyCount "74"]
[EventDate "2017.??.??"]
[EventType "swiss"]
[EventCountry "LAT"]
[SourceTitle "playchess.com"]
[Source "ChessBase"]
[SourceQuality "1"]

{[%evp 7,74,27,27,16,20,-8,-11,-4,-16,-2,-7,-9,-11,-11,-7,-31,-36,-39,-39,-67,-36,-51,-29,-39,-52,-48,-39,-81,-59,-70,-71,-94,-122,-110,-112,-244,-88,-89,-89,-94,-101,-63,-39,-152,-174,-358,-200,-208,-157,-188,-189,-181,-164,-766,-728,-741,-732,-697,-646,-1695,-1654,-5710,-1763,-29990,-1087,-2737,-2635,-29972,-6012]} 1. e4 c5 2. c3 Qa5 3. Nf3 Nc6 4. Na3 e6 {LiveBook: 30 Games} 5. e5 {B22: Sicilian: 2 c3} f6 6. Bb5 $146 (6. Qe2 fxe5 7. Nxe5 Nf6 8. g3 Qc7 9. f4 Be7 10. Bg2 O-O 11. Nxc6 bxc6 12. O-O d5 {0-1 (30) Mosquera,M (2362)-Palit,S (2411) Sitges 2014}) 6... fxe5 7. Bxc6 {The position is equal.} bxc6 8. Nxe5 {[#] Strongly threatening Qh5+.} Nf6 9. O-O Be7 10. d3 Qc7 11. Re1 O-O 12. Bg5 Rb8 13. Qd2 d6 14. Nec4 h6 15. Bh4 g5 16. Bg3 $1 (16. Bxg5 $2 hxg5 17. Qxg5+ Kf7 $19) 16... Nh5 17. Qe3 Nxg3 18. Qxg3 Rf4 19. Re2 d5 20. Ne5 Bd6 21. Ng4 (21. Rae1 $17) 21... Kh7 $2 ({Don't play} 21... Qg7 22. Qh3 $17) (21... h5 $19 22. Ne3 (22. Nh6+ $2 Kh7 23. Qxg5 Qg7 24. Qxh5 Qxh6 25. Qxh6+ Kxh6 $19) 22... Qd8) 22. Rae1 $17 Qg7 23. f3 h5 24. Ne5 Rf5 $36 {[%mdl 2048] Black has good play.} 25. d4 ({Only move:} 25. Qh3 $1 $15 Bxe5 {[#]} 26. Rxe5 $1 {[%mdl 512]}) 25... Ba6 26. Re3 $2 (26. Rc2 {is a better defense.}) 26... Rxb2 (26... cxd4 $142 27. cxd4 Rxb2) 27. Qh3 $19 h4 28. Nxc6 Bc8 ({And not} 28... Rxa2 29. Rxe6 Rf6 30. Rxf6 Qxf6 31. Qd7+ Kh6 32. Ne5 Bxe5 33. dxe5 $11) 29. Qg4 Qg6 {Threatens to win with ...Rf4.} ({Not} 29... Rxa2 30. Nb5 Bf4 31. Rxe6 Bxe6 32. Rxe6 Ra1+ 33. Kf2 Ra2+ 34. Kf1 Ra1+ 35. Ke2 Ra2+ 36. Kf1 Ra1+ 37. Kf2 Ra2+ 38. Kf1 $11) 30. R3e2 $2 (30. Ne5 Bxe5 31. Rxe5 Rxa2 32. Nb5) 30... Rxe2 31. Rxe2 Rf4 32. Qh3 Qd3 33. Kf2 cxd4 34. Nc2 Qxc3 35. Ne1 Qxc6 (35... d3 $142 36. Nxd3 Qxd3 37. Qg4 Rxg4 38. Ne5 Bc5+ 39. Ke1 Qb1+ 40. Kd2 Rd4+ 41. Kc3 Qc1+ 42. Rc2 Qa3#) 36. Nd3 e5 37. g4 Bxg4 0-1

[Event "EIWCC 2017"]
[Site "Riga"]
[Date "2017.04.17"]
[Round "7"]
[White "Utiatskaja, Irina"]
[Black "Milliet, Sophie"]
[Result "1/2-1/2"]
[WhiteElo "2152"]
[BlackElo "2352"]
[Annotator "TA"]
[PlyCount "81"]
[EventDate "2017.??.??"]
[EventType "swiss"]
[EventCountry "LAT"]
[SourceTitle "playchess.com"]
[Source "ChessBase"]
[SourceQuality "1"]

{[%evp 12,81,30,21,55,50,54,49,68,52,56,45,66,50,44,10,21,19,52,0,-4,-14,-13,-13,0,0,0,0,0,0,0,0,0,0,0,0,0,-9,0,0,0,0,0,0,85,0,66,-64,-64,-64,-64,-65,-65,-65,-64,-65,-64,-64,-64,-64,0,-64,0,-64,-64,-72,-64,-64,-8,-64,-6,-64]} 1. d4 Nf6 2. c4 b6 3. Nf3 Bb7 4. g3 g6 5. Bg2 Bg7 6. d5 O-O 7. O-O {LiveBook: 137 Games} Qe8 {A50: Queen's Fianchetto Defence (1 d4 Nf6 2 c4 b6)} 8. Nc3 e5 9. e4 d6 {White is slightly better.} 10. Ne1 $146 (10. h3 a5 11. Be3 Na6 12. b3 Nh5 13. Nh4 Bc8 14. Nb5 Bd7 15. Bf3 {0-1 (53) Li,D (2389)-Hou,Y (2683) Doha 2015}) 10... a5 11. Nd3 Na6 12. Be3 Nd7 13. Rb1 Nac5 14. b3 f5 15. f3 (15. Nb5 $14 Qd8 16. exf5) 15... f4 16. Bxc5 Nxc5 17. Bh3 fxg3 18. hxg3 Bh6 19. Qe2 Qe7 20. Nxc5 bxc5 21. Kg2 Ba6 22. a4 Bg5 23. Be6+ Kg7 24. Nd1 Rab8 25. Nf2 Bc8 26. Bxc8 Rbxc8 27. Qe1 h5 (27... Ra8 $1 $11 {remains equal.}) 28. Nh3 (28. Qxa5 $16 h4 29. gxh4 Bxh4 30. Nh3) 28... h4 (28... Ra8 $11) 29. g4 ({Reject} 29. f4 exf4 30. Nxf4 (30. gxf4 Bxf4 31. Nxf4 Qg5+ 32. Kh1 Rxf4 33. Qxa5 Rxf1+ 34. Rxf1 Qe3 $17) 30... Bxf4 31. Rxf4 (31. gxf4 Rce8 32. Kh3 Qxe4 33. Qxe4 Rxe4 34. Kxh4 Rfxf4+ 35. Rxf4 Rxf4+ 36. Kg5 Rf5+ 37. Kg4 Kf6 $17) 31... Rxf4 32. gxf4 Qf6 $11) (29. gxh4 $14 Bxh4 30. Qxa5) 29... Ra8 $15 30. Qc3 {[#] f4 is the strong threat.} Bf4 31. Rb2 Qf6 32. Rbb1 Rfb8 33. Rb2 Rb4 34. Rfb1 Rab8 35. Qd3 Ra8 (35... Bg3 $15) 36. Rf1 (36. Qc3 $1 $11) 36... Rab8 37. Rfb1 $1 Kf7 38. Qe2 Qh8 39. Qe1 g5 (39... Bg3 $15 40. Qe3 Ke7) 40. Qc3 ({Better is} 40. Nxf4 $11 exf4 41. e5) 40... R8b7 ({Black should play} 40... Rf8 $15) 41. Qd3 (41. Nxf4 $11 gxf4 42. Rh1) 1/2-1/2

[Event "EIWCC 2017"]
[Site "Riga"]
[Date "2017.04.17"]
[Round "7"]
[White "Petrenko, Svetlana"]
[Black "Charochkina, Daria"]
[Result "1/2-1/2"]
[WhiteElo "2136"]
[BlackElo "2381"]
[Annotator "TA"]
[PlyCount "171"]
[EventDate "2017.??.??"]
[EventType "swiss"]
[EventCountry "LAT"]
[SourceTitle "playchess.com"]
[Source "ChessBase"]
[SourceQuality "1"]

{[%evp 5,171,5,18,26,29,29,37,37,57,22,27,-8,0,-6,0,-10,41,27,54,11,8,-19,-17,-76,-68,-104,-104,-100,-103,-99,-94,-104,-104,-120,-127,-131,-124,-125,-86,-87,-80,-83,-85,-101,-68,-68,-33,-60,-58,-65,-18,-90,0,0,0,0,37,43,43,37,49,6,3,0,55,55,75,75,85,75,86,81,102,79,88,0,142,71,88,42,42,47,47,43,71,71,71,71,71,41,41,41,41,41,41,41,80,0,8,8,16,10,14,0,20,0,0,0,0,0,0,0,0,0,0,0,0,0,0,0,0,0,0,0,81,81,98,0,0,0,0,0,0,10,10,0,0,0,0,0,0,0,0,0,0,0,0,0,0,0,0,0,0,0,0,0,0,0,0,0,0,0,0,0,0,0,8,8]} 1. Nf3 Nf6 2. d4 d5 3. Bf4 Nh5 {LiveBook: 12 Games} 4. Bd2 {D02: 1 d4 d5 2 Nf3 sidelines, including 2...Nf6 3 g3 and 2...Nf6 3 Bf4} g6 5. e3 Bg7 6. c4 {White is slightly better.} O-O $146 (6... dxc4 7. Bxc4 O-O 8. O-O Nd7 9. Qc2 Nb6 10. Bb3 c6 11. h3 Nd5 {0-1 (57) Nosek,R (1924)-Meister,J (2479) Berlin 2010}) 7. Nc3 e6 8. c5 c6 9. b4 Nd7 10. Be2 Qe7 (10... Nhf6 $11) 11. O-O e5 12. Nxe5 Nxe5 13. dxe5 Qxe5 14. f4 (14. Bxh5 $11 Qxh5 15. Qxh5 gxh5 16. Rfe1) 14... Qe7 $17 {Hoping for ...Bxc3.} 15. Kh1 Nf6 16. Rc1 Bf5 {[%cal Bc8f5,Bf5d3,Bd3c4][%mdl 32]} 17. Bf3 Rad8 18. Ne2 Bd3 19. Qb3 Bc4 20. Qc2 Rfe8 21. Rfe1 h5 22. Nd4 Ng4 {White must now prevent ...Nf2+.} 23. Bxg4 hxg4 24. Bc3 Qe4 25. Qd2 Bf6 26. Kg1 Bh4 27. g3 Bf6 28. a4 (28. Qd1 $1 $11 {keeps the balance.}) 28... b6 (28... Bg7 $17) 29. Qd1 $11 (29. Nxc6 $2 d4 30. exd4 Qxc6 $19) 29... bxc5 30. bxc5 Be7 31. Nxc6 Bxc5 32. Bd4 Rc8 33. Bxc5 Rxc6 34. Bxa7 Ra6 ({Black should play} 34... Rec8 $1 $11 35. Qd4 (35. Qxg4 f5 36. Qh3 d4 37. Bxd4 Bd5 38. Qh8+ Kf7 39. Qg7+ Ke8 40. Qh8+ Kd7 41. Qg7+ Ke8 42. Qh8+ Kf7 43. Qh7+ Ke8 44. Qh8+ $11) 35... Ra6) 35. Bd4 $14 Qe6 36. Rb1 Qd7 37. Rb4 Qe7 ({Wrong is} 37... Rea8 $2 38. Bc3 Qe7 39. Qxg4 $18) 38. Bc3 Re6 39. Qd4 {[%csl Gc3][%cal Rd4h8]} ({Don't capture} 39. Qxg4 $2 Rxe3 40. Qd1 (40. Rbb1 Re2 41. Qf3 Qc5+ 42. Kh1 d4 43. Rxe2 Bxe2 $19) 40... Rxe1+ $19) ({Much worse is} 39. Rxc4 $6 dxc4 40. Qd4 f6 41. Qxc4 Kg7 $11) 39... f6 {[%cal Re6e3]} 40. Kf2 (40. Bd2 $1 $16) 40... Qc7 {[#]} (40... Qh7 $11 41. Kg1 Qe7) 41. Bd2 (41. a5 $142 $1) 41... g5 42. Kg1 {Strongly threatening fxg5.} (42. fxg5 $5 {is interesting.} Re4 43. Qb2 fxg5 44. Rb7 Qe5 45. Qxe5 R4xe5 46. Bc3) 42... gxf4 43. Qxf4 Qxf4 44. gxf4 f5 45. Reb1 Bd3 46. R1b3 Be4 47. Rb8 Rxb8 48. Rxb8+ {[%mdl 4096] Endgame KRB-KRB} Kf7 49. a5 Rc6 50. Rb2 Rc4 {[#]} 51. Kf2 (51. Ra2 $1 $16) 51... d4 52. exd4 Rxd4 53. Ra2 Bd5 54. Rc2 Rd3 55. Be3 Ra3 56. Rc5 Ra2+ 57. Ke1 Ke6 58. Bd2 Kd6 59. Rc1 Ra4 60. Kf2 Ke6 61. Rb1 Ra3 62. Rb6+ Kf7 63. a6 Rh3 64. Kg1 Rd3 (64... Ra3 $11 {remains equal.}) 65. Bb4 $16 Rb3 66. Kf2 (66. a7 $16) 66... Rb2+ $11 {The position is equal.} 67. Kg3 Rg2+ 68. Kh4 {Threatens to win with Kg5.} Rxh2+ 69. Kg5 Be4 70. Rf6+ Ke8 71. a7 Ra2 72. Bc5 Kd7 73. Rg6 g3 74. Kf6 Ra5 75. Be3 {And now Rg7+ would win.} g2 76. Rg8 Ra6+ 77. Ke5 Re6+ 78. Kd4 Rd6+ 79. Ke5 {Intending Rg7+ and mate.} Rd5+ 80. Kf6 {Threatening mate with Rg7+.} Rd3 81. Bc5 Rc3 82. a8=Q Bxa8 83. Rxa8 Rxc5 84. Rg8 Rc2 85. Kxf5 Ke7 86. Ke4 1/2-1/2

[Event "EIWCC 2017"]
[Site "Riga"]
[Date "2017.04.17"]
[Round "7"]
[White "Gueci, Tea"]
[Black "Golubenko, Valentina"]
[Result "0-1"]
[WhiteElo "2132"]
[BlackElo "2271"]
[Annotator "TA"]
[PlyCount "60"]
[EventDate "2017.??.??"]
[EventType "swiss"]
[EventCountry "LAT"]
[SourceTitle "playchess.com"]
[Source "ChessBase"]
[SourceQuality "1"]

{[%evp 21,59,0,-4,-10,0,-33,-18,-31,-38,-28,-41,-87,0,0,0,-82,-62,-74,-29,-348,-337,-404,-392,-400,-397,-398,-404,-385,-378,-6072,-6072,-3538,-3403,-2566,-1979,-29977,-29978,-29976,-29977,-29999]} 1. e4 e6 2. d4 d5 3. Nd2 a6 4. c3 c5 5. exd5 exd5 6. Ngf3 Nf6 7. Be2 Nc6 8. dxc5 Bxc5 9. Nb3 Ba7 10. O-O h6 11. Nbd4 O-O 12. Bf4 $146 {C08: French Tarrasch: 3...c5 4 exd5 exd5 sidelines} (12. Be3 Bg4 13. Nxc6 bxc6 14. Bxa7 Rxa7 15. Rc1 Qa5 16. Nd4 Bd7 17. Qc2 c5 18. Nf3 Rb7 19. b3 Re8 {½-½ (35) Gungl,T (2193)-Degenhard,S (2010) Willingen 2016}) 12... Re8 13. Rc1 Bg4 14. h3 {The position is equal.} Bh5 15. Nxc6 bxc6 16. g4 Nxg4 ({Black should try} 16... Bg6 $17) 17. hxg4 $11 Bxg4 {White must now prevent ...Qf6.} 18. Nd4 (18. Kg2 $11 {keeps the balance.}) 18... Rxe2 $1 $17 ({Much worse is} 18... Bxe2 19. Nxe2 Qf6 20. Bh2 $11 (20. Bg3 Re4 $14)) 19. Nxe2 {Threatens to win with Qd3.} Qf6 {...Qg6 is the strong threat.} 20. Bg3 $2 {[%mdl 8192]} (20. Kg2 $11 {and White stays safe.}) 20... Re8 $1 $19 21. Re1 {[#] And now Nd4 would win.} Qf3 $1 {Strongly threatening ...Bh3.} 22. Nd4 {[#]} Rxe1+ $1 23. Qxe1 Bxd4 $1 24. Kh2 ({Not} 24. cxd4 Bh3 25. Qf1 (25. Qe8+ $2 Kh7 26. Qe4+ dxe4 27. Rxc6 Qg2#) 25... Bxf1 $19) 24... Qf5 {( -> ...Qh5+)} 25. f3 $2 (25. cxd4 {gets mated.} Qh5+ 26. Bh4 Qxh4+ 27. Kg2 Qh3+ 28. Kg1 Bf3 29. Qe8+ Kh7 30. Qe4+ dxe4 31. Rxc6 Qh1#) (25. Qe7 Bxf2 26. Qe5) 25... Qh5+ 26. Bh4 Be5+ 27. Kg1 Bxf3 28. Qf2 Qg4+ {Black mates.} 29. Kf1 Qh3+ 30. Kg1 Qh1# 0-1

[Event "EIWCC 2017"]
[Site "Riga"]
[Date "2017.04.17"]
[Round "7"]
[White "De Seroux, Camille"]
[Black "Balaian, Alina"]
[Result "1-0"]
[WhiteElo "2122"]
[BlackElo "2229"]
[Annotator "ChessBase"]
[PlyCount "105"]
[EventDate "2017.??.??"]
[EventType "swiss"]
[EventCountry "LAT"]
[SourceTitle "playchess.com"]
[Source "ChessBase"]
[SourceQuality "1"]
[TimeControl "40/5400+30:1800+30"]

1. e4 {[%emt 0:00:00]} e6 {[%emt 0:00:04]} 2. d4 {[%emt 0:00:00]} d5 {[%emt 0:00:03]} 3. Nd2 {[%emt 0:00:00]} Nf6 {[%emt 0:00:04]} 4. e5 {[%emt 0:00:00]} Nfd7 {[%emt 0:00:04]} 5. c3 {[%emt 0:00:06]} b6 {[%emt 0:00:48]} 6. Bd3 {[%emt 0:13:26]} Ba6 {[%emt 0:00:31]} 7. Ndf3 {[%emt 0:02:00]} Bxd3 {[%emt 0:01:56]} 8. Qxd3 {[%emt 0:00:08]} c5 {[%emt 0:04:18]} 9. Ne2 {[%emt 0:03:00]} Be7 {[%emt 0:03:00]} 10. O-O {[%emt 0:00:42]} Nc6 {[%emt 0:02:29]} 11. Re1 {[%emt 0:10:28]} Rc8 {[%emt 0:01:22]} 12. Bd2 {[%emt 0:06:17]} O-O {[%emt 0:09:08]} 13. Ng3 {[%emt 0:09:49]} Re8 {[%emt 0:04:52]} 14. h3 {[%emt 0:03:30]} f5 {[%emt 0:08:13]} 15. exf6 {[%emt 0:04:53]} Bxf6 {[%emt 0:00:09]} 16. Nh5 {[%emt 0:02:05]} c4 {[%emt 0:01:16]} 17. Qc2 {[%emt 0:09:02]} e5 {[%emt 0:04:08]} 18. Qf5 {[%emt 0:04:21]} Rc7 {[%emt 0:18:19]} 19. Bg5 {[%emt 0:08:59]} Bxg5 {[%emt 0:03:13]} 20. Nxg5 {[%emt 0:01:45]} Nf8 {[%emt 0:00:21]} 21. dxe5 {[%emt 0:01:34]} h6 {[%emt 0:00:56]} 22. Nf3 {[%emt 0:07:04]} Qd7 {[%emt 0:20:28]} 23. Qxd7 {[%emt 0:06:59]} Rxd7 {[%emt 0:00:05]} 24. Rad1 {[%emt 0:00:26]} Ng6 {[%emt 0:04:02]} 25. e6 {[%emt 0:01:46]} Rd6 {[%emt 0:00:08]} 26. Nd4 {[%emt 0:01:29]} Nce5 {[%emt 0:01:08]} 27. f4 {[%emt 0:01:26]} Nd3 {[%emt 0:00:40]} 28. Rf1 {[%emt 0:01:15]} Rf8 {[%emt 0:04:40]} 29. f5 {[%emt 0:00:42]} Ne7 {[%emt 0:02:46]} 30. Rd2 {[%emt 0:00:18]} Nc5 {[%emt 0:02:15]} 31. g4 {[%emt 0:00:36]} Ne4 {[%emt 0:01:23]} 32. Re2 {[%emt 0:00:17]} a6 {[%emt 0:00:11]} 33. Kg2 {[%emt 0:00:16]} Nf6 {[%emt 0:01:49]} 34. Nxf6+ {[%emt 0:00:50]} gxf6 {[%emt 0:00:19]} 35. Rd1 {[%emt 0:00:55]} Kg7 {[%emt 0:00:46]} 36. Red2 {[%emt 0:00:27]} h5 {[%emt 0:01:16]} 37. Nc2 {[%emt 0:00:25]} hxg4 {[%emt 0:00:19]} 38. hxg4 {[%emt 0:00:05]} Rfd8 {[%emt 0:00:20]} 39. Ne3 {[%emt 0:00:48]} b5 {[%emt 0:00:02]} 40. Kg3 {[%emt 0:00:00]} a5 {[%emt 0:01:59]} 41. Kf4 {[%emt 0:11:39]} Rh8 {[%emt 0:08:11]} 42. g5 {[%emt 0:03:22]} fxg5+ {[%emt 0:06:18]} 43. Ke5 {[%emt 0:04:40]} Nc8 {[%emt 0:00:01]} 44. Rxd5 {[%emt 0:01:49]} Rh3 {[%emt 0:01:43]} 45. Ng4 {[%emt 0:03:36]} Rxd5+ {[%emt 0:00:32]} 46. Rxd5 {[%emt 0:00:27]} Rd3 {[%emt 0:00:46]} 47. Rd7+ {[%emt 0:02:43]} Kf8 {[%emt 0:00:16]} 48. Rf7+ {[%emt 0:02:24]} Ke8 {[%emt 0:00:17]} 49. Nf6+ {[%emt 0:00:26]} Kd8 {[%emt 0:00:01]} 50. Nd5 {[%emt 0:02:16]} Ke8 {[%emt 0:01:13]} 51. Rh7 {[%emt 0:01:39]} Rxd5+ {[%emt 0:01:05]} 52. Kxd5 {[%emt 0:00:14]} Ne7+ {[%emt 0:00:20]} 53. Ke5 {[%emt 0:00:18]} 1-0